Detekcia objektov v mračne bodov
Salvato in:
| Autore principale: | |
|---|---|
| Altri autori: | |
| Natura: | Manoscritto Libro |
| Lingua: | slovacco |
| Pubblicazione: |
Bratislava : STU v Bratislave FEI, 2020
|
| Soggetti: | |
| Accesso online: | https://opac.crzp.sk/?fn=detailBiblioForm&sid=F0D9EA643ED4040314EB141BE0B8&seo=CRZP-detail-kniha |
| Tags: |
Nessun Tag, puoi essere il primo ad aggiungerne!!
|
MARC
| LEADER | 00000ntm a22000003a 4500 | ||
|---|---|---|---|
| 001 | stuzp76834 | ||
| 003 | SK-STU | ||
| 005 | 20200818143448.0 | ||
| 007 | ta | ||
| 008 | 150427s2015----xo-----f-mn---000-0-slo-d | ||
| 040 | |a STU |b slo | ||
| 041 | 0 | |a slo | |
| 044 | |a xo | ||
| 100 | 1 | |a Cánik, Richard |u 031000 |4 aut |U FEI Fakulta elektrotechniky a informatiky |T FEI Ústav robotiky a kybernetiky |X 80497 |U E011 |Y 356 |7 80497 | |
| 242 | 0 | 1 | |a Object detection in a point cloud |y eng |
| 245 | 1 | 0 | |a Detekcia objektov v mračne bodov |
| 260 | |c Bratislava : |c STU v Bratislave FEI, |c 2020 | ||
| 300 | |a 70 s. | ||
| 650 | 4 | |a ICP |2 slo | |
| 650 | 4 | |a 4PCS |2 slo | |
| 650 | 4 | |a Super 4PCS |2 slo | |
| 650 | 4 | |a Volumetric 4PCS |2 slo | |
| 650 | 4 | |a Go-ICP |2 slo | |
| 650 | 4 | |a RANSAC |2 slo | |
| 650 | 4 | |a objekt detekcia |2 slo | |
| 650 | 4 | |a počítačové videnie |2 slo | |
| 650 | 4 | |a registrácia mračien bodov |2 slo | |
| 650 | 4 | |a point cloud registration |2 eng | |
| 650 | 4 | |a 4PCS, |2 eng | |
| 650 | 4 | |a Super 4PCS |2 eng | |
| 650 | 4 | |a Volumetric 4PCS |2 eng | |
| 650 | 4 | |a Go-ICP |2 eng | |
| 650 | 4 | |a ICP |2 eng | |
| 650 | 4 | |a RANSAC |2 eng | |
| 650 | 4 | |a object detection |2 eng | |
| 650 | 4 | |a computer vision |2 eng | |
| 700 | 1 | |a Dekan, Martin |u 031000 |k Z1 |4 ths |U FEI Fakulta elektrotechniky a informatiky |T FEI Ústav robotiky a kybernetiky |X 16569 |U E011 |Y 356 |7 A000016569 | |
| 856 | 4 | |u https://opac.crzp.sk/?fn=detailBiblioForm&sid=F0D9EA643ED4040314EB141BE0B8&seo=CRZP-detail-kniha | |